Izmir Quiz - Statistics

General Stats
  • This quiz has been taken 24 times
  • The average score is 12 of 15
Answer Stats
İpucu Answer % Correct
In which region of Türkiye is Izmir? Ege
100%
Izmir's vacation area Çeşme
95%
In which district is the Izmir Metropolitan Municipality building? Konak
90%
Izmir's most population district Buca
85%
What is the name of the Izmir bus brand? Eshot
85%
Izmir's Airport which district? Gaziemir
85%
In which district is Izmir's first tram line located? Karşıyaka
85%
Which city has the longest border with Izmir? Manisa
80%
What is the name of the Izmir suburban brand? İzban
75%
What is the name of the university in Bornova? Ege Üniversitesi
70%
What do the people of Izmir say about cereal? Gevrek
70%
When was Izmir liberated? 1922
65%
What is the name of the square in Alsancak? Gündoğdu
65%
The district with the largest surface area in Izmir Bergama
60%
Who is the Konak Pier and Basmane train station designer Gustave Eiffel
40%
No matching quizzes found
Score Distribution
Percent of People with Each Score
Percentile by Number Answered
Your Score History
You have not taken this quiz